000 00672cam a22002413a 4500
001 10206
003 PGUSA
005 20140828083221.0
008 031101s2003||||xxu|||||s|||||000 | eng d
040 _aPGUSA
_beng
042 _adc
050 4 _aPS
100 1 _aEdison, Thomas A.
_q(Thomas Alva),
_d1847-1931
245 1 4 _aThe Liver Complaint Story
_h[electronic resource] /
_cThomas A. Edison
260 _bProject Gutenberg,
_c2003
500 _aRecorded 1906.
506 _aPublic domain in the USA.
516 _aElectronic text
653 _aAnecdotes
830 0 _aProject Gutenberg
_v10206
856 4 0 _uhttp://www.gutenberg.org/ebooks/10206
942 _cEB
999 _c239461
_d239461